| 000 | 00732nam a2200253Ia 4500 | ||
|---|---|---|---|
| 003 | OSt | ||
| 005 | 20220925193341.0 | ||
| 006 | a|||||r|||| 00| 0 | ||
| 007 | ta | ||
| 008 | 220923b |||||||| |||| 00| 0 eng d | ||
| 020 | _a1557863288 | ||
| 037 | _cGeneral Book | ||
| 040 |
_aRTL _cRTL _beng |
||
| 041 |
_2eng _aeng |
||
| 082 | _aX:74, N2 | ||
| 100 |
_aKrainer Robert E Au. _9248137 |
||
| 245 | 0 |
_aFinance in a theory of the business cycle _b Produc |
|
| 260 |
_aCambridge _bBlackwell _c1992 |
||
| 300 |
_axvii, 245p. _ccm. |
||
| 490 | _aBibliography : p228-34 : Appendix : p225-27 | ||
| 650 | _aBusiness Cycle | ||
| 942 |
_hX:74, N2 _cGB _2CC |
||
| 999 |
_c525451 _d525451 |
||